000
00218nam a22000857a 4500
999
_c
11448
_d
11448
008
190524b ||||| |||| 00| 0 eng d
020
_a
9789386365200
100
_9
7172
_a
SINGH.S.N
245
_a
GREAT NATIONALIST MOHAN BHAGEAT